Revista de derecho y jurisprudencia y gaceta de los tribunales

Detalles Bibliográficos
Nuevo Título:Revista de derecho y jurisprudencia (1980)
Título anterior:Revista de derecho, jurisprudencia y ciencias sociales y gaceta de los tribunales
Formato: Desconocido
Lenguaje:español
Publicado: Santiago [Chile] : Ed. Jurd̕ica de Chile
Materias:
Acceso en línea:Acceso restringido

MARC

LEADER 00000ny a22000003n 4500
005 2011051306566.0
008 830825d19791979cl uu p wg b spa
035 |a 5016 
040 |a DLC  |d vLex 
050 0 0 |a KHF72  |b .A23 
050 0 0 |a KHF72  |b .A23 
082 0 |a 348.83/041  |a 348.30841  |2 19 
090 |c 1864  |d 1864 
245 0 0 |a Revista de derecho y jurisprudencia y gaceta de los tribunales  |h [Recurso electrn̤ico] 
256 |a Servicio en ln̕ea 
260 |a Santiago [Chile] :  |b Ed. Jurd̕ica de Chile 
310 |a Semestral 
506 1 |a Contenido solo disponible en los productos indicados  |d vLex Global  |d vLex Global (Academic Edition, excluding Law Schools)  |d vLex Global (U.S. Academic Edition, Law Schools)  |d vLex Global (U.S. Academic Edition, excluding Law Schools)  |d vLex Global (Academic Edition, Law Schools) 
650 0 4 |a Jurisprudencia  |2 Tesauro vLex 
650 0 4 |a Fuentes del derecho Civil  |2 Tesauro vLex 
740 |a vLex Revista (Servicios en ln̕ea) 
780 0 0 |t Revista de derecho, jurisprudencia y ciencias sociales y gaceta de los tribunales  |x 0716-0119 
785 0 0 |t Revista de derecho y jurisprudencia (1980) 
843 |a Electrn̤ica. Abierta 
853 |8 1  |i (year)  |j (month)  |k (day) 
856 4 0 |u http://vlex.com/source/5016  |z Acceso restringido 
942 |c REV 
999 0 |a Law reports, digests, etc.  |z Chile. 
999 0 |a Law  |z Chile  |v Periodicals.